000
00272nam a2200121Ia 4500
008
190216s9999||||xx |||||||||||||| ||und||
100
_a
Sontakkai C N
245
0
_a
Marketing Management
260
_b
Kalyani Pub
_c
2002
300
_a
853p
650
_a
Commerce
942
_c
BK
999
_c
6097
_d
6097